| 000 | 00627nam a22001937a 4500 | ||
|---|---|---|---|
| 005 | 20251108164119.0 | ||
| 008 | 250721s1979 xx 000 0 ara d | ||
| 082 | 1 | 4 | _a218/تيم |
| 100 | 1 | _aإبن تيمية، تقي الدين أبو العباس بن عبد الحليم | |
| 245 | 1 | 0 | _aقاعدة جليلة في التوسل و الوسيلة / |
| 250 | _aطبعة مصححة | ||
| 264 | 1 |
_aبيروت : _bدار الأفاق الجديدة، _c1979. |
|
| 300 | _a174ص | ||
| 650 | 1 | 7 | _aالإسلام |
| 650 | 1 | 7 | _aالشعائر |
| 650 | 1 | 7 | _aالأدعية الإسلامية |
| 942 |
_2ddc _cBK |
||
| 999 |
_c3940 _d3940 |
||